Southville International School and Colleges
Your cart is empty.
  • Cart
  • Lists
    Public lists list_1 View all
    Your lists Log in to create your own lists
  • Log in to your account
  • Your cookies
  • Search history
Southville International School and Colleges
  • Advanced search
  • Recent comments
  • Most popular
  • Libraries

Log in to your account

Log in with GOOGLE


If you do not have an external account, but do have a local account, you can still log in:

  1. Home
  2. MARC view: Snow White and the seven dwarfs.
Normal view MARC view ISBD view

Snow White and the seven dwarfs. (Record no. 111787)

[ view plain ]
MARC details
000 -LEADER
fixed length control field 00468nam a2200181 a 4500
001 - CONTROL NUMBER
control field 3491
005 - DATE AND TIME OF LATEST TRANSACTION
control field 20140414131922.0
008 - FIXED-LENGTH DATA ELEMENTS--GENERAL INFORMATION
fixed length control field 040721s19uu xx 00 eng d
020 ## - INTERNATIONAL STANDARD BOOK NUMBER
International Standard Book Number 983-148-097-X
050 ## - LIBRARY OF CONGRESS CALL NUMBER
Classification number ER
Item number Sn6 199?
245 ## - TITLE STATEMENT
Title Snow White and the seven dwarfs.
260 ## - PUBLICATION, DISTRIBUTION, ETC. (IMPRINT)
Place of publication, distribution, etc Malaysia :
Name of publisher, distributor, etc Kohwai & Young,
Date of publication, distribution, etc [n.d.]
300 ## - PHYSICAL DESCRIPTION
Extent 1 v. : ill. ; cm.
440 ## - SERIES STATEMENT/ADDED ENTRY--TITLE
Title Favourite Fairy Tales Series
650 ## - SUBJECT ADDED ENTRY--TOPICAL TERM
Topical term or geographic name as entry element Fairy tales.
Holdings
Withdrawn status Lost status Damaged status Use restrictions Home library Current library Shelving location Date acquired Source of acquisition Total Checkouts Full call number Barcode Date last seen Price effective from Koha item type
        Munich Library Munich Library Easy Reading Section 07/21/2004     ER Sn6 199? M2682 04/14/2014 04/14/2014 Books
        Munich Library Munich Library Easy Reading Section 10/22/2010     ER Sn6 199? M2689 04/14/2014 04/14/2014 Books

Snow White and the seven dwarfs.

APA

Snow White and the seven dwarfs. Malaysia: Kohwai & Young.

Chicago

Snow White and the seven dwarfs. Malaysia: Kohwai & Young.

Harvard

Snow White and the seven dwarfs. Malaysia: Kohwai & Young.

MLA

Malaysia: Kohwai & Young. .

  • Place hold
  • Print
  • Cite
  • Add to your cart (remove)
  • Save record
    BIBTEX Dublin Core MARCXML MARC (non-Unicode/MARC-8) MARC (Unicode/UTF-8) MARC (Unicode/UTF-8, Standard) MODS (XML) RIS
  • More searches
    Search for this title in:
    Other Libraries (WorldCat) Other Databases (Google Scholar) Online Stores (Bookfinder.com) Open Library (openlibrary.org)

Exporting to Dublin Core...

SOUTHVILLE LIBRARY

Southville International School and Colleges Library

1281 Tropical Ave. Cor. Luxembourg St., BF Homes International, Las Pinas City

Tel. No. 8256374 / 252358 Loc. 117/146

Powered by Koha